00343nam a2200133Ia 4500008004100000100001900041245003200060250001200092260004800104300000800152650002400160942000800184999001700192190216s9999||||xx |||||||||||||| ||und|| aJohn Hohenberg 4aThe Professional Journalist a4th Ed. bOxford And Ibh Publishing Co. Pvt Ltdc1980 a596 aGuide To Journalism cREF c35564d35564